Ivadékok; Mondat közben

Elmentve itt :
Bibliográfiai részletek
Szerző: Lődi Ferenc
Dokumentumtípus: Cikk
Megjelent: 1986-01-18
Sorozat:Délmagyarország 76 No. 15
Online Access:http://dmarchiv.bibl.u-szeged.hu/97021
LEADER 00409nab a2200145 i 4500
001 delm97021
005 20190917112120.0
008 190917s1986 hu o 0|| hun d
040 |a SZTE Délmagyarország Archívum  |b hun 
041 |a hun 
100 1 |a Lődi Ferenc 
245 1 0 |a Ivadékok; Mondat közben  |h [elektronikus dokumentum] /  |c  Lődi Ferenc 
260 |c 1986-01-18 
300 |a 8 
490 0 |a Délmagyarország  |v 76 No. 15